Hud-hud dan Nabi Sulaiman

Bibliographic Details
Format: Book
Published: Kuala Lumpur : Pustaka Salam , 1987
Subjects:

MARC

LEADER 00000cam a2200000 7i4500
001 0000007020
002 000007557
005 20000330.0
020 |a 9679750264 
090 0 0 |a J 297.61   |b HUD 
245 1 0 |a Hud-hud dan Nabi Sulaiman 
260 |a Kuala Lumpur :   |b Pustaka Salam ,   |c 1987 
300 |a 20p. :   |b ill. ;   |c 18cm. 
650 0 0 |a Islamic stories, Malay 
999 |a 018229   |b BUKU   |c PINJAMAN   |e PERPUSTAKAAN KOMUNITI PETALING JAYA